| 000 | 01326nam a2200421 a 4500 | ||
|---|---|---|---|
| 001 | 93563 | ||
| 003 | FlNmELB | ||
| 005 | 20241217172217.0 | ||
| 006 | m o d | | ||
| 007 | cr cn||||||||| | ||
| 008 | 130510s2006 ag s 000 0 spa d | ||
| 020 | _z9789505020034 | ||
| 035 | _a(MiAaPQ)EBC3171371 | ||
| 035 | _a(Au-PeEL)EBL3171371 | ||
| 035 | _a(CaPaEBR)ebr10135816 | ||
| 035 | _a(OCoLC)928698017 | ||
| 040 |
_aFlNmELB _bspa _cFlNmELB |
||
| 050 | 4 |
_aJC419 _bD542 2006eb |
|
| 080 | _a321.15:982 | ||
| 100 | 1 | _aDiaz, Claudio. | |
| 245 | 1 | 0 |
_aOtros ladrillos en la pared _h[recurso electronico] _cClaudio Diaz. |
| 260 |
_a[Buenos Aires] : _bNAC&POP, _c[2006] |
||
| 300 | _a6-40 p. | ||
| 533 | _aRecurso electrónico. Santa Fe, Arg.: e-libro, 2015. Disponible vía World Wide Web. El acceso puede estar limitado para las bibliotecas afiliadas a e-libro. | ||
| 650 | 4 | _aHistoria. | |
| 650 | 4 | _aElecciones. | |
| 650 | 4 | _aGobierno. | |
| 650 | 4 | _aOligarquía. | |
| 650 | 0 | _aGovernment. | |
| 650 | 0 |
_aOligarchy _zArgentina. |
|
| 650 | 0 | _aElections. | |
| 651 | 4 | _aArgentina. | |
| 651 | 0 |
_aArgentina _xHistory. |
|
| 651 | 0 |
_aArgentina _xPolitics and government. |
|
| 655 | 4 | _aLibros electrónicos. | |
| 710 | 2 | _ae-libro, Corp. | |
| 856 | 4 | 0 | _uhttps://elibro.net/ereader/politecnicointernacional/36498 |
| 999 |
_c93563 _d93563 |
||